Konkurencje na letnich igrzyskach olimpijskich - Statystyki

Ogólne statystyki
  • Ten quiz został rozwiązany 192 razy
    101 od ostatniego zresetowania
  • Średni wynik to 25 z 58
Statystyki odpowiedzi
Odpowiedź % Poprawnych
Piłka nożna
90%
Lekkoatletyka
85%
Koszykówka
79%
Piłka ręczna
78%
Pływanie
78%
Siatkówka plażowa
73%
Boks
70%
Tenis stołowy
68%
Tenis ziemny
68%
Zapasy
68%
Judo
66%
Wioślarstwo
64%
Kolarstwo szosowe
63%
Strzelectwo
63%
Kolarstwo górskie
61%
Szermierka
61%
Hokej na trawie
60%
Siatkówka halowa
60%
Badminton
59%
Kajakarstwo górskie
59%
Piłka wodna
56%
Łucznictwo
55%
Skoki do wody
55%
Żeglarstwo
55%
Jeździectwo
53%
Kolarstwo torowe
53%
Gimnastyka artystyczna
51%
Karate
50%
Podnoszenie ciężarów
49%
Koszykówka 3x3
46%
Taekwondo
44%
Gimnastyka sportowa
43%
Pięciobój nowoczesny
43%
Triathlon
43%
Pływanie synchroniczne
41%
BMX
39%
Baseball
35%
Golf
35%
Wspinaczka Sportowa
35%
Surfing
30%
Skateboarding
26%
Rugby siedmioosobowe
24%
Softball
21%
Krykiet
20%
Krykiet
18%
Polo
16%
Hokej na lodzie
13%
Lacrosse
11%
Przeciąganie liny
11%
Rugby union
10%
Łyżwiarstwo figurowe
9%
Skoki na trampolinie
8%
Kajakarstwo regatowe
6%
Pelota
5%
Rackets
4%
Jeu de paume
3%
Roque
3%
Sport motorowodny
3%
Nie znaleziono quizów pasujących do podanych kryteriów
Rozkład punktacji
Procent ludzi z każdym wynikiem
Percentyl według liczby udzielonych odpowiedzi
Twoja historia wyników
Nie rozwiązałeś tego quizu od ostatniego zresetowania